Normal view
MARC view
Entry Personal Name
001 - CONTROL NUMBER
- control field: 5307
003 - CONTROL NUMBER IDENTIFIER
- control field: OSt
005 - DATE AND TIME OF LATEST TRANSACTION
- control field: 20251118095846.0
008 - FIXED-LENGTH DATA ELEMENTS
- fixed length control field: 251118|| aca||aabn | a|a d
040 ## - CATALOGING SOURCE
- Original cataloging agency: OSt
- Transcribing agency: OSt
100 ## - HEADING--PERSONAL NAME
- Personal name: Ostricová, Katarína
- Titles and other words associated with a name: (prekladateľka)
670 ## - SOURCE DATA FOUND
- Source citation: Work cat.: (OSt)0: Kidd, Sue Monk, 1948- aut 5306, Kniha túžob